000 00718nam a2200205 i 4500
001 104208
003 ES-MaACL
005 20230906183537.0
007 t|
008 051125s1968 sp ||||1| spa d
100 1 _aMier Vélez, Angel de.
_980971
245 1 3 _aLa buena fe en la prescripción y en la costumbre hasta el siglo XV /
_cAngel de Mier Vélez.
260 _aPamplona :
_bUniversidad de Navarra,
_c1968.
300 _a234 p. ;
_c22 cm.
490 1 _aColección canónica de la Universidad de Navarra ;
_v10
710 2 _aUniversidad de Navarra.
_97252
830 0 _aColección canónica de la Universidad de Navarra ;
_v10
_9183297
852 _aES-MaACL
_jG-5575
_bR.65520
999 _c104208
_d104208